000 00581nam a22001937a 4500
003 OSt
005 20190104102722.0
008 180320b xxu||||| |||| 00| 0 spa d
020 _a9505740476
040 _cPJ
100 _990
_aBidart Campos, Germán José
245 1 3 _aLas obligaciones en el derecho constitucional /
_cGermán J. Bidart Campos.
260 _aBuenos Aires :
_bEdiar,
_c1987.
300 _a148 p.
500 _aNotas al pie de algunas páginas.
650 0 _9178
_aDERECHO CONSTITUCIONAL
650 0 _9843
_aOBLIGACIONES
942 _2udc
_cLIB
_h342.4
_iBID
999 _c609
_d609